Statistics for Missing Countries on the map of Africa

Click here to take the quiz!

General Stats

  • This quiz has been taken 56 times
  • The average score is 9 of 10

Answers on the Map

Answers color-coded by a green-red scale on the quiz's map according to % correct below.
 

Answer Stats

Answer% Correct
Algeria
98%
Egypt
96%
South Africa
96%
Zimbabwe
96%
Angola
94%
Botswana
94%
Burkina Faso
92%
Benin
90%
Rwanda
90%
Guinea Bissau
82%

Score Distribution

Percentile by Number Answered

Percent of People with Each Score

Your Score History

You have not taken this quiz